000 nam a22 7a 4500
999 _c8006
_d8006
008 171121b xxu||||| |||| 00| 0 eng d
100 _aLaxman.R.K.
_94460
245 _aThe Thama Stories
260 _aNew Delhi
_bK.L.
_c1995